000 00475nam a2200205Ia 4500
003 OSt
005 20140403090940.0
008 140130s9999 xx 000 0 und d
020 _a9780545108126
050 _aPZ 7
_b.W8606 2008
100 _aWoodruff, Elvira
245 _cElvira Woodruff.
_aFearless /
260 _bScholastic,
_c2008.
_aUSA :
300 _a224 p. :
_c19 cm.
440 _v1
521 _aG6
526 _c810
942 _cBK
_2lcc
999 _c41175
_d41175